LEADER 00972nam a2200205 i 4500 001 000000214259 003 CaOOAMICUS 005 20180725000000.0 008 180725s1961 xx u000 u lat u 013 $a193130 040 $aSeMil$bita 245 10$aTractatus 4.-6. /$cnunc primum edidit Gedeon Gal. 300 $aP. [511]-1156. 490 0 $aBibliotheca franciscana scholastica Medii Aevi ;$v23. 700 1 $aGál, Gedeon .$0(OLS)http://semarc/name/90576 773 0 $aGuillelmus : de Militona$tGuillelmi de Militona Quaestiones de sacramentis.$dQuaracchi, Florentiae : Ex Typographia Collegii S. Bonaventurae, 1961.$kBibliotheca franciscana scholastica Medii Aevi$z88-7013-053-3$g2$w()27005 830 0$aBibliotheca franciscana scholastica Medii Aevi ;$v23.$0(OLS)http://semarc/title/400182 850 $aSeMil 852 $aSeMil$W1$xVenegono$y1$m2N IV 623$j164687$B164687$CSeMilBibl$Z2$F175677 $81 996 $6245$aTractatus 4.-6.$9(OLS)http://semarc/title/308745 LEADER 00600naa a2200145 i 4500 001 000000294657 003 CaOOAMICUS 005 20180831172511.0 008 180831n xx u000 u ger u 013 $a1933 040 $aSeMil$bita 100 1 $aNoller, Gerhard.$0(OLS)http://semarc/name/22044 245 10$aOntologische und theologische Versuche zur Überwindung des anthropologischen Denkens. 773 0 $tHeidegger und die Theologie.$kTheologische Bücherei$gp.290-315$w()44314 996 $6245$aOntologische und theologische Versuche zur Überwindung des anthropologischen Denkens$9(OLS)http://semarc/title/370734